000 00439nam a22001817a 4500
003 MPLRDC
005 20220105061145.0
008 210129b ||||| |||| 00| 0 eng d
020 _a957-8977-41-7
082 _a539.8 HSC
100 _a黄升村 编著
245 _aA级笑话
_c
250 _a初版四刷
260 _a台湾
_b知青频道出版有限公司
_c1996
300 _b
650 _a笑话
942 _cBK
_o539.8 HSC
999 _c69649
_d69639